000 00800nam a2200253Ia 4500
003 OSt
005 20221005113102.0
006 a|||||r|||| 00| 0
007 ta
008 221004b |||||||| |||| 00| 0 pan d
020 _c140
024 _a5407
037 _b701, 13/06/2013, H.K. Prakashan
_cTextual
040 _aCRL
_cCRL
_bpan
041 _2pan
_apan
082 _aO153:g, P3
100 _aਇਕਬਾਲ ਅਰਪਨ
245 0 _aਪੁਸਤਕ ਚਰਚਾ
260 _aਦਿੱਲੀ
_bਮਨਪ੍ਰੀਤ ਪ੍ਰਕਾFਨ ਭਾਰਤ
_c2003
300 _a118ਪੰ
_ccm.
650 _aਪੰਜਾਬੀ ਸਾਹਿਤ
942 _hO153:g, P3
_cTEXL
_2cc
999 _c1026991
_d1026991